| 000 | 01671nam a2200409 i 4500 | ||
|---|---|---|---|
| 001 | 56437 | ||
| 003 | KOSZ 005 | ||
| 005 | 20240912062846.0 | ||
| 008 | 090526s2007 pl a |000 0 pol | ||
| 040 |
_cKOSZ 005 _aKOSZ 005 _dKOSZ 005/HR |
||
| 041 | 0 |
_apol _beng |
|
| 046 | _k2007 | ||
| 080 | _a330.322.16(438-67) | ||
| 080 | _a330.322.16(4-67) | ||
| 080 | _a338.48(438-21) | ||
| 080 | _a338.48(4-67) | ||
| 245 | 0 | 0 |
_aDziałania w trybie partnerstwa publiczno-prywatnego na rzecz rozwoju gospodarki turystycznej gmin przy wykorzystaniu środków Unii Europejskiej : _bpraca zbiorowa / _cpod red. Aleksandra Szwichtenberga. |
| 246 | 3 | 1 |
_iTyt. równol. : _aActions under the public private partnership processes in favour of the development of the tourism economy of the communes by the use of the means obtained from the European Union : |
| 260 |
_aStrasburg ; _aKoszalin : _bWydawnictwo Feniks, _c2007. |
||
| 300 |
_a91 s. : _bil. ; _c24 cm. |
||
| 336 |
_2rdacontent _aTekst _btxt |
||
| 337 |
_2rdamedia _aBez urządzenia pośredniczącego _bn |
||
| 338 |
_2rdacarrier _aWolumin _bnc |
||
| 380 | _aKsiążki | ||
| 388 | _a2001- | ||
| 504 | _aBibliogr. przy pracach. | ||
| 546 | _aWstęp także w jez. ang. | ||
| 610 | 2 | _aUnia Europejska (UE) | |
| 650 | 4 | _aPartnerstwo publiczno-prywatne | |
| 650 | 4 | _aTurystyka | |
| 651 | 7 | _aPolska | |
| 658 | _aGospodarka, ekonomia, finanse | ||
| 700 | 1 |
_aSzwichtenberg, Aleksander _d(1947- ) _eRedakcja |
|
| 710 | 2 | _aWydawnictwo Feniks | |
| 856 |
_uhttp://koha.tu.koszalin.pl/cgi-bin/koha/opac-detail.pl?biblionumber=56437 _yKatalog online BPK |
||
| 942 |
_cKS _2UKD |
||
| 999 |
_c56437 _d56437 |
||